000 00335nam a22001457a 4500
020 _a978-0-19-848669-5
082 _a823
_bEMM/D
100 _aEMMETT, JONATHAN
245 _aDOOHICKEY AND THE ROBOT
260 _aLONDON
_bOXFORD UNIVERSITY PRESS
_c2005
300 _a55
520 _aSHORT STORY
650 _aSHORT STORY
942 _cBK
999 _c5860
_d5860